De quelle couleur...(version fiction) - Statistiques

Statistiques générales
  • Ce quiz a été pris 33 fois
  • Le résultat moyen est 20 sur 30
Statistiques - réponses
Quelle est la couleur... Couleur % Correct
...des vêtements de Gandalf, qui lui donne son nom dans Le Seigneur des Anneaux? Gris
90%
...du masque dans The Mask? Vert
87%
...de Dégoût dans Vice-Versa? Verte
87%
...du sabre laser de Mace Windu dans Star Wars? Violet
87%
...qui se trouve sur la partie haute d'une Poké Ball dans Pokémon? Rouge
83%
...de la tenue emblématique de Link dans la saga Zelda? Vert
83%
...de la robe de la fée Pimprenelle dans Cendrillon? Bleue
80%
...des cheveux de Son Goku quand il se transforme en Super Saiyan? Jaune
77%
...du Death Note? Noir
77%
...des Dragon Balls? Orange
77%
...du diamant qui sert de logo aux Sims? Vert
77%
...de la salopette de Mario quand il se transformeen Mario de feu? Blanche
73%
...de Knuckles, le rival de Sonic? Rouge
73%
...de la route qui est la course la plus difficile de Mario Kart? Arc-en-ciel
70%
...de la houppette de Tintin? Rousse
70%
..de la cheveleure de Natsu dans Fairy Tail ? Rose
67%
...du sang des dieux, l'ichor, dans la saga Percy Jackson? Doré
63%
...de l'uniforme des gardes aux Squid Games ? Rose
63%
..du Dragon aux yeux bleus de Kaiba dans Yu-Gi-Oh? Blanc
60%
...de la Pierre de l'Ame dans Avengers? Orange
60%
...du chakra de Kyubi dans Naruto? Orange
60%
...du sang de licorne dans Harry Potter? Argenté
57%
...du dragon sur la bannière des Targaryen dans Game of Thrones? Rouge
57%
...du TARDIS dans Doctor Who? Bleu
53%
...des cheveux de Takemichi dans le passé dans Tokyo Revengers? Blond
53%
..du Fruit du Démon mangé par Luffy dans One Piece? Violet
53%
...des coutures sur le ballon de Tag dans Foot 2 Rue? Bleu
47%
...du rayon astral dans YuYu Hakusho? Bleu
37%
...du costume de Fantomiald dans Picsou? Noir
37%
...d'une âme de sorcière dans Soul Eater? Violette
33%
Aucun quiz correspondant
Distribution des résultats
% des personnes avec chaque résultat
Percentile par nombre de réponses
Votre historique - résultats
Vous n’avez pas pris ce quiz